Normal view
MARC view
- Yakas, Orestes,
Entry Personal Name
001 - CONTROL NUMBER
- control field: 12798
003 - CONTROL NUMBER IDENTIFIER
- control field: NUST
005 - DATE AND TIME OF LATEST TRANSACTION
- control field: 20181229055146.0
008 - FIXED-LENGTH DATA ELEMENTS
- fixed length control field: 181229|| aca||aabn | a|a d
040 ## - CATALOGING SOURCE
- Original cataloging agency: NUST
- Transcribing agency: NUST
100 ## - HEADING--PERSONAL NAME
- Personal name: Yakas, Orestes,
- Dates associated with a name: 1920-
670 ## - SOURCE DATA FOUND
- Source citation: Work cat.: (NUST)0: Yakas, Orestes, 1920-, Islamabad, the birth of a capital /, 2001.
